| 000 | 00771nab a2200253 a 4500 | ||
|---|---|---|---|
| 005 | 20210219161047.0 | ||
| 008 | 991125s1985 mx 000 0 spa u | ||
| 035 | _aUPN01000177871 | ||
| 100 | 1 | _aAguirre Jiménez, Alma Alicia | |
| 222 | _aREVISTA DE LA EDUCACION SUPERIOR | ||
| 245 | _aLos impactos socioeconómicos de la investigación en occidente : el caso de SiMorelos | ||
| 260 | _aMéxico | ||
| 300 | _a57-84 | ||
| 362 | 0 | _a2009 Vol. 38 (3), no. 151, jul.-sept. | |
| 653 | 0 | _aCONOCIMIENTO CIENTIFICO | |
| 653 | 0 | _aINVESTIGACION CIENTIFICA | |
| 653 | 0 | _aIMPACTO SOCIAL | |
| 653 | 0 | _aIMPACTO ECONOMICO | |
| 700 | 1 | _aBasulto Castillo, Angélica, | |
| 700 | 1 | _ecoaut. | |
| 700 | 1 | _aMoreno Pérez, Ana Rosa, | |
| 700 | 1 | _ecoaut. | |
| 905 | _aArticulo | ||
| 999 |
_c149974 _d149974 |
||